| 000 | 00359nam a2200145Ia 4500 | ||
|---|---|---|---|
| 008 | 210716s2000 xx 000 0 und d | ||
| 041 | _aeng | ||
| 082 | _a658 GRIR | ||
| 100 | _aGriffin, Ricky W. | ||
| 245 | _aManagement. | ||
| 250 | _a5 | ||
| 260 |
_aNew Delhi _bA.I.T.B.S. Publishers & Distributors _c2000 |
||
| 300 | _axxxiii,764 | ||
| 650 | _aMANAGEMENT | ||
| 999 |
_c197619 _d197619 |
||